| 000 | 00855nam a22002177a 4500 | ||
|---|---|---|---|
| 999 |
_c13114 _d13114 |
||
| 003 | AR-CdUCM | ||
| 008 | 190411b ||||| |||| 00| 0 spa d | ||
| 020 | _a978-607-618-267-3 | ||
| 040 |
_aMUNICIPALIDAD PROVINCIAL DEL CUSCO _cBIBLIOTECA MUNICIPAL DEL CUSCO |
||
| 082 |
_aEP / 372.800 / _bED23 |
||
| 110 |
_aQuarto Children's Books. _931307 |
||
| 245 |
_aSerie Tridimensional : _bEdgar Allan Poe, obras completas / |
||
| 260 |
_aMéxico : _bSilver Dolphin ; _c2015. |
||
| 300 |
_a58 páginas ; _bIlustraciones _c29cm |
||
| 505 | _aContenido: La caída de la casa Usher -- El corazón delator -- El pozo y el péndulo -- El barril de amontillado | ||
| 650 |
_aCuentos infantiles _914480 |
||
| 650 |
_aEducación primaria _91561 |
||
| 700 |
_aTorre Fernádez, Adriana de la (traducción) _931308 |
||
| 942 |
_2ddc _cLIBROS |
||
| 945 |
_anom _d2019-04-11 |
||